Agregace a desagregace v lineárnich struktúrnich modelech habilitačná práca
Uložené v:
| Hlavný autor: | |
|---|---|
| Korporativný autor: | |
| Médium: | Kniha |
| Jazyk: | Slovak |
| Vydavateľské údaje: |
Bratislava
|
| Predmet: | |
| Tagy: |
Žiadne tagy, Buďte prvý, kto otaguje tento záznam!
|
MARC
| LEADER | 00000nam$a2200000$$$4500 | ||
|---|---|---|---|
| 001 | 0036623 | ||
| 005 | 20240104093504.4 | ||
| 041 | 0 | |a slo | |
| 044 | |a SK | ||
| 245 | 1 | 0 | |a Agregace a desagregace v lineárnich struktúrnich modelech |b habilitačná práca |c Bohuslav Sekerka |
| 264 | 1 | |a Bratislava | |
| 300 | |a 69 s.. | ||
| 610 | 2 | 0 | |a agregácia |
| 610 | 2 | 0 | |a modelovanie lineárne |
| 610 | 2 | 0 | |a matice |
| 610 | 2 | 0 | |a metódy kvantitatívne |
| 610 | 2 | 0 | |a ekonómia |
| 610 | 2 | 0 | |a podnikanie |
| 100 | 1 | |a Sekerka, Bohuslav | |
| 710 | 2 | |a Fakulta hospodárskej informatiky EU. Katedra aplikovanej informatiky | |